Introduction to ASEAN librarianship /

Bibliographic Details
Format: Book
Published: Kuala Lumpur: ASEAN Committee on Culture and Information, 1993.
Subjects:
LEADER 00740cam a2200229 7i4500
001 0000054305
005 20151104090000.0
005 ##20151104172900.0
002 ##000001253
003 ##MY-KlINT
008 151104 00010 eng
020 # # |a 96793100272  
039 # 9 |y 201511041729  |z VLOAD 
090 0 0 |a 026.00959 INT  
245 0 0 |a Introduction to ASEAN librarianship /   |c chef editor Shahar Banun Jaafar.. 
260 # # |a Kuala Lumpur:   |b ASEAN Committee on Culture and Information,   |c 1993. 
300 # # |a 134p; 25cm. 
650 # 0 |a Liraries special Asia, Southeattern - Congressses  
996 |a ikwas2000.out 
997 |a 3000001804  |b IKWS  |c MNF  |d BOK 
998 |a 0000001234 
999 |a 3000001804  |b BOOK  |c Main Non-Fiction  |e INTAN Kampus Wilayah Selatan